| 000 | 00420nam a22001937a 4500 | ||
|---|---|---|---|
| 999 |
_c11772 _d11772 |
||
| 003 | OSt | ||
| 008 | 230128b ||||| |||| 00| 0 eng d | ||
| 020 | _a9789353739927 | ||
| 082 | _a377 ACE | ||
| 100 | _aACEMOGLU,Daron | ||
| 245 | _aEconomics | ||
| 250 | _aIMP 1st | ||
| 260 |
_aUP _bPearson _c2020 |
||
| 300 | _a788 | ||
| 650 | _aEconomics | ||
| 700 | _aLAIBSON,David | ||
| 700 | _aLIST,John | ||
| 942 |
_2ddc _cREF |
||